UBT Library

Understanding organizations / (Record no. 41861)

000 -LEADER
fixed length control field 00608cam a2200229 i 4500
001 - CONTROL NUMBER
control field 3185430
005 - DATE AND TIME OF LATEST TRANSACTION
control field 20180206034959.0
008 - FIXED-LENGTH DATA ELEMENTS--GENERAL INFORMATION
fixed length control field 761028s1976 enka b 001 0 eng
010 ## - LIBRARY OF CONGRESS CONTROL NUMBER
LC control number 76378006
015 ## - NATIONAL BIBLIOGRAPHY NUMBER
National bibliography number GB76-21611
020 ## - INTERNATIONAL STANDARD BOOK NUMBER
International Standard Book Number 0140809600 :
Terms of availability £1.75 ($5.95 U.S.)
040 ## - CATALOGING SOURCE
Original cataloging agency DLC
Transcribing agency DLC
Modifying agency DLC
041 ## - LANGUAGE CODE
Language code of text/sound track or separate title eng
080 ## - UNIVERSAL DECIMAL CLASSIFICATION NUMBER
Universal Decimal Classification number 302.35
082 00 - DEWEY DECIMAL CLASSIFICATION NUMBER
Classification number 302.35 HAN
Edition number 19
100 1# - Rafti
Rafti 54
101 ## - Shkurtesa
Shkurtesa MNG
245 10 - TITLE STATEMENT
Title Understanding organizations /
Statement of responsibility, etc [by] Charles B. Handy.
504 ## - BIBLIOGRAPHY, ETC. NOTE
Bibliography, etc Includes bibliographies and index.
906 ## - LOCAL DATA ELEMENT F, LDF (RLIN)
a 7
b cbc
c orignew
d 3
e ncip
f 19
g y-gencatlg
942 ## - ADDED ENTRY ELEMENTS (KOHA)
Source of classification or shelving scheme
Item type Books
Holdings
Withdrawn status Lost status Source of classification or shelving scheme Damaged status Not for loan Collection code Permanent location Current location Shelving location Date acquired Total Checkouts Full call number Barcode Date last seen Price effective from Koha item type
          Koleksioni i përgjithshem UBT - Lipjan UBT - Lipjan Koleksioni i përgjithshem 02/06/2018   302.35 HAN 002-2999099 02/06/2018 02/06/2018 Books
UBT Library © 2015-2024. All rights reserved University Education for Business and Technology